Guatemala, estructura agraria del altiplano occidental /

Bibliographic Details
Corporate Author: Universidad de San Carlos de Guatemala. Instituto de Investigaciones Económicas y Sociales de Occidente
Format: Book
Language:Spanish
Published: Quezaltenango, Guatemala : [El Instituto], 1976.
Edition:1a ed.
Subjects:

MARC

Tag First Indicator Second Indicator Subfields
LEADER 00000cam a2200000 a 4500
001 in00000511007
005 20151013070003.0
008 770207s1976 gt b b n00110 spa d
035 |a (OCoLC)02722821 
035 |9 ACD9748AM 
040 |a YUS  |c YUS  |d TXA  |d UtOrBLW 
049 |a TXAM  |c [1389257] 
090 |a HD1807  |b .G93 1976 
110 2 |a Universidad de San Carlos de Guatemala.  |b Instituto de Investigaciones Económicas y Sociales de Occidente. 
245 1 0 |a Guatemala, estructura agraria del altiplano occidental /  |c Instituto de Investigaciones Economicas y Sociales de Occidente, Centro Universitiario [as printed] de Occidente, Universidad de San Carlos de Guatemala. 
250 |a 1a ed. 
264 1 |a Quezaltenango, Guatemala :  |b [El Instituto],  |c 1976. 
300 |a xii, 575 pages :  |b maps ;  |c 21 cm. 
336 |a text  |b txt  |2 rdacontent 
337 |a unmediated  |b n  |2 rdamedia 
338 |a volume  |b nc  |2 rdacarrier 
500 |a Includes indexes. 
504 |a Bibliography: pages 533-536. 
650 0 |a Agriculture  |x Economic aspects  |z Guatemala. 
999 |a MARS 
999 f f |s 576b3999-299b-3d91-9bbe-8f273168b392  |i 7da08f73-8048-3698-b379-14908813194f  |t 0 
952 f f |p ric  |a Texas A&M University  |b Rellis Campus  |c Joint Library Facility  |d Remote Storage  |t 0  |e HD1807 .G93 1976  |h Library of Congress classification  |i unmediated -- volume  |m A14807821852 
998 f f |a HD1807 .G93 1976  |t 0  |l Remote Storage